| 000 | 00448nam a2200193Ia 4500 | ||
|---|---|---|---|
| 008 | 210210b1956 xxu||||| |||| 00| 0 eng d | ||
| 041 | _aeng | ||
| 082 | _a320/684 | ||
| 100 | _a- | ||
| 245 | _aEverymans united nations 1945-1955 | ||
| 260 |
_a _bPublic Information Centre _c1956 |
||
| 300 | _a444 | ||
| 650 | _aunited | ||
| 650 | _anations | ||
| 650 | _aEverymans | ||
| 650 | _a1945-1955 | ||
| 690 | _aPolitical Science | ||
| 906 | _a003315 | ||
| 999 |
_c120989 _d120989 |
||